The Quran and its Interpreters (Record no. 65182)

MARC details
000 -LEADER
fixed length control field 00223nam a22001097a 4500
082 ## - DEWEY DECIMAL CLASSIFICATION NUMBER
Classification number 297.1226
100 ## - MAIN ENTRY--AUTHOR NAME
Personal name Mahmoud M.Ayoub
245 ## - TITLE STATEMENT
Title The Quran and its Interpreters
260 ## - PUBLICATION, DISTRIBUTION, ETC. (IMPRINT)
Place of publication Albany
300 ## - PHYSICAL DESCRIPTION
Number of Pages 290
942 ## - ADDED ENTRY ELEMENTS (KOHA)
Koha item type Books
Holdings
Withdrawn status Lost status Collection code Home library Current library Date acquired Full call number Accession Number Koha item type
    Reference Reference Section Reference Section 09/07/2019 297.1226 (Shelf - 16B) R11847 Books